Study Of Scm Practices And Demand Forecasting For Enrecover Energy Recovery Solution Ltd (Record no. 80040)

MARC details
000 -LEADER
fixed length control field 00473nam a2200145Ia 4500
008 - FIXED-LENGTH DATA ELEMENTS--GENERAL INFORMATION
fixed length control field 221007s9999 xx 000 0 und d
041 ## - LANGUAGE CODE
Language code of text/sound track or separate title eng
082 ## - DEWEY DECIMAL CLASSIFICATION NUMBER
Item number KIR
100 ## - MAIN ENTRY--PERSONAL NAME
Personal name Kirti Mate - 2k161102; Ganesh Lotke - Guide & Enrecover Right Technology
9 (RLIN) 105140
245 ## - TITLE STATEMENT
Title Study Of Scm Practices And Demand Forecasting For Enrecover Energy Recovery Solution Ltd
260 ## - PUBLICATION, DISTRIBUTION, ETC. (IMPRINT)
Date of publication, distribution, etc. 2016
Name of publisher, distributor, etc. Savitribai Phule Pune University
Place of publication, distribution, etc. Pune
300 ## - PHYSICAL DESCRIPTION
Extent 44p
440 ## - SERIES STATEMENT/ADDED ENTRY--TITLE
Volume/sequential designation 1
906 ## - LOCAL DATA ELEMENT F, LDF (RLIN)
b General
Holdings
Withdrawn status Lost status Damaged status Not for loan Home library Current library Date acquired Vendor Total Checkouts Full call number Barcode Date last seen Bill Date Koha item type Original Barcode
        Smt. Hiraben Nanavati Institute of Management & Research for Women Smt. Hiraben Nanavati Institute of Management & Research for Women 11/07/2018 HNIMR   KIR HIMR-PR-649 07/10/2022 18/01/2018 Project Reports PR0649